Regionálna aglomerácia odvetvia cestovného ruchu: koncepcia klastrovania

Aglomerácia cestovného ruchu vo vybraných regiónoch Slovenskej republiky. Regióny s vysokou aglomeráciou odvetvia cestovného ruchu pre potreby možného klastrovania a v konečnom štádiu dosiahnutie efektívnej výkonnosti vzniknutého klastra cestovného ruchu. Podrobnejší obraz o priemyselnej aglomerácii...

Descrizione completa

Salvato in:
Dettagli Bibliografici
Autore principale: Gáll, Jozef, 1991-
Altri autori: Naňáková, Martina, 1990-
Natura: Capitolo di libro
Lingua:slovacco
Soggetti:
Tags: Aggiungi Tag
Nessun Tag, puoi essere il primo ad aggiungerne!!

MARC

LEADER 00000naa$a2200000$$$4500
001 0260421
005 20240502074125.9
041 0 |a slo 
044 |a SK 
245 1 0 |a Regionálna aglomerácia odvetvia cestovného ruchu: koncepcia klastrovania  |c Jozef Gáll, Martina Naňáková 
520 |a Aglomerácia cestovného ruchu vo vybraných regiónoch Slovenskej republiky. Regióny s vysokou aglomeráciou odvetvia cestovného ruchu pre potreby možného klastrovania a v konečnom štádiu dosiahnutie efektívnej výkonnosti vzniknutého klastra cestovného ruchu. Podrobnejší obraz o priemyselnej aglomerácii vo významných regiónoch cestovného ruchu na území Slovenska. 
610 2 0 |a ruch cestovný 
610 2 0 |a Slovensko 
610 2 0 |a aglomerácie priemyselné 
610 2 0 |a klaster 
100 1 |a Gáll, Jozef, 1991- 
700 1 |a Naňáková, Martina, 1990-